Central Library OPAC University of Rajshahi

How to develop a good memory for names, faces, and facts / (Record no. 30347)

MARC details
000 -LEADER
fixed length control field 00643cam a22002291 4500
001 - CONTROL NUMBER
control field 30347
003 - CONTROL NUMBER IDENTIFIER
rucl marc code BD-RjUL
005 - DATE AND TIME OF LATEST TRANSACTION
control field 20211209051541.0
008 - FIXED-LENGTH DATA ELEMENTS--GENERAL INFORMATION
fixed length control field 140409s1941 uk 000 0 eng
035 ## - SYSTEM CONTROL NUMBER
System control number (BD-RjUL)30432
040 ## - CATALOGING SOURCE
Original cataloging agency DLC
Transcribing agency OKentU
Modifying agency BD-RjUL
Language of cataloging eng
041 ## - LANGUAGE CODE
Language code of text/sound track or separate title eng
082 ## - DEWEY DECIMAL CLASSIFICATION NUMBER
Classification number 154.3
Author mark and year NUH 1941
100 0# - MAIN ENTRY--PERSONAL NAME
Personal name Nutt, Robert H.
9 (RLIN) 92251
245 10 - TITLE STATEMENT
Title How to develop a good memory for names, faces, and facts /
Statement of responsibility, etc. by Robert Nutt.
260 ## - PUBLICATION, DISTRIBUTION, ETC. (IMPRINT)
Place of publication, distribution, etc. New York,
Name of publisher, distributor, etc. Simon and Schuster,
Date of publication, distribution, etc. 1941.
300 ## - PHYSICAL DESCRIPTION
Pagination 195 p. :
Illustrations illus. ;
Size 21 cm.
650 #0 - SUBJECT ADDED ENTRY--TOPICAL TERM
Topical term or geographic name as entry element Mnemonics.
9 (RLIN) 92252
942 ## - ADDED ENTRY ELEMENTS (KOHA)
Source of classification or shelving scheme Dewey Decimal Classification
Koha item type Books
Holdings
Lost status Source of classification or shelving scheme Damaged status Not for loan Collection code Permanent Location Current Location Shelving location Date acquired Source of acquisition Cost, normal purchase price Total Checkouts Full call number Date last seen Copy number Koha item type
  Dewey Decimal Classification   Not For Loan Non-fiction Central Library, University of Rajshahi Central Library, University of Rajshahi Reading Room 05/03/1979 India int. 9.25   154.3 NUH 1941 09/04/2014 C-1 Books